All Lana Del Rey Songs (Feb 2024) - Statistics

General Stats
  • This quiz has been taken 443 times
    125 since last reset
  • The average score is 93 of 154
Answer Stats
Hint Answer % Correct
Born To Die Born To Die
99%
Ultraviolence Ultraviolence
93%
Honeymoon Honeymoon
89%
Born To Die Video Games
89%
Lust For Life Lust For Life (with The Weeknd)
88%
Singles/Other Summertime The Gershwin Version
88%
Blue Banisters Blue Banisters
86%
Chemtrails Over The Country Club Chemtrails Over The Country Club
86%
Born To Die (Bonus Tracks) Lolita
86%
Norman Fucking Rockwell! Norman fucking Rockwell
86%
Born To Die Summertime Sadness
86%
Ultraviolence West Coast
84%
Born To Die Blue Jeans
81%
Ultraviolence Brooklyn Baby
81%
Paradise Ride
81%
Born To Die Carmen
79%
Born To Die Dark Paradise
79%
Born To Die Radio
79%
Collaborations/Features Woman (with Cat Power)
79%
Paradise Cola
78%
Did you know that there's a tunnel under Ocean Blvd Did you know that there's a tunnel under Ocean Blvd
78%
Lust For Life Love
78%
Born To Die National Anthem
78%
Born To Die Off To The Races
78%
Ultraviolence (Bonus Tracks) Black Beauty
77%
Lust For Life Cherry
77%
Honeymoon Art Deco
75%
Born To Die Diet Mountain Dew
75%
Norman Fucking Rockwell! hope is a dangerous thing for a woman like me to have - but I have it
75%
Did you know that there's a tunnel under Ocean Blvd A&W
74%
Ultraviolence Cruel World
74%
Norman Fucking Rockwell! Mariners Apartment Complex
74%
Born To Die Million Dollar Man
74%
Ultraviolence Sad Girl
74%
Honeymoon High By The Beach
73%
Ultraviolence Shades Of Cool
73%
Blue Banisters Text Book
73%
Ultraviolence The Other Woman
73%
Born To Die This Is What Makes Us Girls
73%
Born To Die (Bonus Tracks) Without You
73%
Honeymoon 24
71%
Paradise American
71%
Norman Fucking Rockwell! Bartender
71%
Norman Fucking Rockwell! Cinnamon Girl
71%
Ultraviolence (Bonus Tracks) Florida Kilos
71%
Lust For Life Get Free
71%
Ultraviolence Money Power Glory
71%
Did you know that there's a tunnel under Ocean Blvd The Grants
71%
Norman Fucking Rockwell! Venice Bitch
71%
Paradise Blue Velvet
70%
Norman Fucking Rockwell! Doin' Time
70%
Ultraviolence Fucked My Way Up To The Top
70%
Ultraviolence Pretty When You Cry
70%
Lust For Life White Mustang
70%
Paradise Yayo
70%
Blue Banisters Beautiful
68%
Paradise Body Electric
68%
Honeymoon Freak
68%
Paradise Gods & Monsters
68%
Did you know that there's a tunnel under Ocean Blvd Margaret (feat. Bleachers)
68%
Honeymoon Salvatore
68%
Lust For Life Summer Bummer (feat. A$AP Rocky & Playboi Carti)
68%
Did you know that there's a tunnel under Ocean Blvd Candy Necklace (feat. Jon Batiste)
67%
Ultraviolence (Bonus Tracks) Guns And Roses
67%
Did you know that there's a tunnel under Ocean Blvd Let The Light In (feat. Father John Misty)
67%
Honeymoon Swan Song
67%
Chemtrails Over The Country Club Tulsa Jesus Freak
67%
Chemtrails Over The Country Club White Dress
67%
Blue Banisters Black Bathing Suit
66%
Norman Fucking Rockwell! California
66%
Norman Fucking Rockwell! Happiness is a butterfly
66%
Honeymoon Music To Watch Boys To
66%
Did you know that there's a tunnel under Ocean Blvd Sweet
66%
Did you know that there's a tunnel under Ocean Blvd Taco Truck x VB
66%
Lust For Life 13 Beaches
64%
Paradise Burning Desire
64%
Did you know that there's a tunnel under Ocean Blvd Fishtail
64%
Norman Fucking Rockwell! Love song
64%
Born To Die (Bonus Tracks) Lucky Ones
64%
Ultraviolence Old Money
64%
Norman Fucking Rockwell! The greatest
64%
Blue Banisters Arcadia
63%
Lust For Life Beautiful People Beautiful Problems
63%
Paradise Bel Air
63%
Did you know that there's a tunnel under Ocean Blvd Peppers (feat. Tommy Genesis)
63%
Blue Banisters Thunder
63%
Singles/Other Young And Beautiful
63%
Blue Banisters Dealer
62%
Norman Fucking Rockwell! Fuck it I love you
62%
Lust For Life Groupie Love (feat. A$AP Rocky)
62%
Lust For Life Change
60%
Lust For Life Heroin
60%
Honeymoon The Blackest Day
60%
Did you know that there's a tunnel under Ocean Blvd Grandfather please stand on the shoulders of my father wile he's deep sea fishing
59%
Honeymoon Terrence Loves You
59%
Norman Fucking Rockwell! The Next Best American Record
59%
Did you know that there's a tunnel under Ocean Blvd Fingertips
58%
Chemtrails Over The Country Club For Free
58%
Norman Fucking Rockwell! How to disappear
58%
Blue Banisters Interlude - The Trio
58%
Did you know that there's a tunnel under Ocean Blvd Kintsugi
58%
Chemtrails Over The Country Club Let Me Love You Like A Woman
58%
Honeymoon Religion
58%
Blue Banisters Sweet Carolina
58%
Chemtrails Over The Country Club Wild At Heart
58%
Chemtrails Over The Country Club Yosemite
58%
Ultraviolence (Bonus Tracks) Flipside
56%
Blue Banisters Living Legend
56%
Blue Banisters Cherry Blossom
55%
Chemtrails Over The Country Club Dark But Just A Game
55%
Blue Banisters If You Lie Down With Me
55%
Blue Banisters Wildflower Wildfire
55%
Lust For Life Coachella - Woodstock In My Mind
53%
Lust For Life In My Feelings
53%
Blue Banisters Nectar Of The Gods
53%
Collaborations/Features Stargirl Interlude (with The Weeknd)
53%
Lust For Life When The World Was At War We Kept Dancing
53%
Honeymoon Don't Let Me Be Misunderstood
52%
Honeymoon God Knows I Tried
52%
Did you know that there's a tunnel under Ocean Blvd Paris, Texas (feat. SYML)
52%
Lust For Life Tomorrow Never Came (feat. Sean Ono Lennon)
52%
Honeymoon Burnt Norton - Interlude
51%
Lust For Life God Bless America - And All The Beautiful Women In It
51%
Did you know that there's a tunnel under Ocean Blvd Jon Batiste Interlude
51%
Blue Banisters Violets for Roses
49%
Collaborations/Features Don't Call Me Angel (with Ariana Grande and Miley Cyrus)
47%
Chemtrails Over The Country Club Not All Who Wander Are Lost
47%
Chemtrails Over The Country Club Breaking Up Slowly
45%
Did you know that there's a tunnel under Ocean Blvd Judah Smith Interlude
45%
Chemtrails Over The Country Club Dance Till We Die
44%
Ultraviolence (Bonus Tracks) Is This Happiness
42%
Singles/Other Season Of The Witch
42%
Singles/Other Once Upon A Dream
40%
Collaborations/Features Prisoner (with The Weeknd)
36%
Singles/Other Say Yes To Heaven
36%
Singles/Other Watercolor Eyes
36%
Singles/Other Big Eyes
34%
Singles/Other I Can Fly
27%
Singles/Other Take Me Home, Country Roads
27%
Collaborations/Features Buddy's Rendezvous (with Father John Misty)
26%
Singles/Other Looking For America
26%
Collaborations/Features Lost At Sea (with Rob Grant)
23%
Collaborations/Features Hallucinogenics (with Matt Maeson)
22%
Collaborations/Features Wait For Life (with Emile Haynie)
21%
Collaborations/Features God Save Our Young Blood (with BØRNS)
16%
Collaborations/Features Snow at the Beach (with Taylor Swift)
16%
Collaborations/Features Suburban House (with Holly Macve)
15%
Singles/Other You Must Love Me
15%
Collaborations/Features Secret Life (with Bleachers)
14%
Collaborations/Features Hollywood Bowl (with Rob Grant)
12%
Collaborations/Features Blue Madonna (with BØRNS)
11%
Singles/Other You'll Never Walk Alone
10%
Collaborations/Features I'll Be Home For Christmas (with Kacey Musgraves)
5%
Collaborations/Features Life Lesson (with Jon Batiste)
4%
No matching quizzes found
Score Distribution
Percent of People with Each Score
Percentile by Number Answered
Your Score History
You have not taken this quiz since the last reset